000 01001cam a2200229 4500
008 020404n2001 000 0 eng u
020 _a9287147094
035 _a(Sirsi) u117348
050 _a344.09
110 _aCouncil of Europe
_bAd hoc Group for Inventory and Documentation within the Technical Co-operation and Consultancy Programme
_94269
245 _aGuidance on inventory and conservation of the cultural heritage
260 _aStasbourg
_bCouncil of Europe
_c2001
300 _a130p.
_c25cm.
350 _a30
520 _aBased on current practice with Council of Europe member-states this book is intended as a guidance document for those concerned with the conservation, management, preservation and promotion of the common heritage and for other countries requiring technical co-operation in this area.
650 _aBUILT HERITAGE
650 _aCULTURAL HERITAGE
650 _aINVENTORIES
650 _aNATURAL HERITAGE
690 _aArts and antiques
_96217
942 _n0
999 _c101976
_d101976